Ο θησαυρός της Βάγιας : μυθιστόρημα
Αποθηκεύτηκε σε:
| Κύριος συγγραφέας: | |
|---|---|
| Μορφή: | Βιβλίο |
| Γλώσσα: | Greek |
| Δημοσίευση: |
Αθήνα :
Πατάκης,
2005.
|
| Έκδοση: | 27η έκδ. |
| Θέματα: | |
| Ετικέτες: |
Προσθήκη ετικέτας
Δεν υπάρχουν, Καταχωρήστε ετικέτα πρώτοι!
|
MARC
| LEADER | 00000cam a2200000 i 4500 | ||
|---|---|---|---|
| 001 | 1/64612 | ||
| 008 | 150121r20051991gr |||||||||||||| ||gre|| | ||
| 020 | |a 9602936797 | ||
| 035 | |l 10120614 | ||
| 040 | |a GR-MY-UA |b gre |e aacr | ||
| 041 | 0 | |a gre | |
| 082 | 0 | |a 808.0683 |2 (23) | |
| 100 | 1 | |a Σαρή, Ζωρζ, |d 1925-2012. | |
| 245 | 1 | 2 | |a Ο θησαυρός της Βάγιας : |b μυθιστόρημα / |c Ζώρζ Σαρή. |
| 250 | |a 27η έκδ. | ||
| 260 | |a Αθήνα : |b Πατάκης, |c 2005. | ||
| 300 | |a 150 σ. ; |c 21 εκ. | ||
| 650 | 0 | 0 | |a Greek fiction, Modern. |
| 852 | |a INST |b SAMOS |e 20150121 |h 808.0683 ΣΑΡ |p 005300041326 |q 005300041326 |t BK |y 0 | ||
| 901 | |a BIBL3-2015-1 | ||
| 909 | |a Σ |b 185909 | ||
| 970 | |a ΓΟΥΒΑΛΑ |b ΒΑΣΩ |z 2015/01/21 | ||